Taking the lead (Record no. 84851)

MARC details
000 -LEADER
fixed length control field 00777cad a22002295a 4500
001 - CONTROL NUMBER
control field L159260
008 - FIXED-LENGTH DATA ELEMENTS--GENERAL INFORMATION
fixed length control field 110131s2016 xxk f 100 0 eng d
035 ## - SYSTEM CONTROL NUMBER
System control number (Sirsi) u159260
041 0# - LANGUAGE CODE
Language code of text/sound track or separate title eng
100 1# - MAIN ENTRY--PERSONAL NAME
Personal name MacNicol, Donnie
245 00 - TITLE STATEMENT
Title Taking the lead
Medium [electronic resource]
260 ## - PUBLICATION, DISTRIBUTION, ETC.
Place of publication, distribution, etc. London
Name of publisher, distributor, etc. RICS
Date of publication, distribution, etc. 2016
490 #0 - SERIES STATEMENT
Series statement Construction Journal
Volume/sequential designation April - May 2016, 16-18(3)
520 ## - SUMMARY, ETC.
Summary, etc. Discusses the value and importance of capable leadership on major construction projects.
590 ## - LOCAL NOTE (RLIN)
Local note KA
650 24 - SUBJECT ADDED ENTRY--TOPICAL TERM
Topical term or geographic name entry element LEADERSHIP
650 24 - SUBJECT ADDED ENTRY--TOPICAL TERM
Topical term or geographic name entry element COMMUNICATION
651 #4 - SUBJECT ADDED ENTRY--GEOGRAPHIC NAME
Geographic name United Kingdom
Chronological subdivision
690 ## - LOCAL SUBJECT ADDED ENTRY--TOPICAL TERM (OCLC, RLIN)
Topical term or geographic name as entry element Project management
9 (RLIN) 6261
856 40 - ELECTRONIC LOCATION AND ACCESS
Uniform Resource Identifier <a href="https://www.rics.org/Global/CJ%20APRIL%20MAY%2016%20LR.pdf">https://www.rics.org/Global/CJ%20APRIL%20MAY%2016%20LR.pdf</a>
Public note View the journal free of charge at www.rics.org/journals...
942 ## - ADDED ENTRY ELEMENTS (KOHA)
Suppress in OPAC 0
Holdings
Withdrawn status Lost status Source of classification or shelving scheme Damaged status Not for loan Home library Current library Shelving location Date acquired Total Checkouts Full call number Barcode Date last seen Copy number Price effective from Koha item type
    Dewey Decimal Classification     London London Journal article 06/04/2016   L159260 159260-1001 06/08/2019 1 06/08/2019 Journal article